Loading...
| Literature - World | 0 | 5 | 0 | 1 | 50 | 91 | 113.80 | 0 | 0 | 8.43 | 16.55 |
| Literature - American | 0 | 5 | 1 | 1 | 45 | 50 | 101.40 | 1 | 2 | 13.73 | 31.09 |
| Science - Biology | 0 | 5 | 1 | 2 | 45 | 33 | 83.40 | 0 | 1 | 11.56 | 20.00 |
| Literature - British | 0 | 4 | 0 | 1 | 40 | 50 | 114.75 | 0 | 1 | 8.68 | 15.82 |
| Fine Arts - Painting and Sculpture | 0 | 3 | 0 | 2 | 30 | 83 | 111.00 | 0 | 0 | 2.97 | 8.82 |
| Literature - European | 0 | 3 | 0 | 0 | 30 | 80 | 89.33 | 0 | 1 | 10.61 | 21.09 |
| History - Other | 0 | 2 | 0 | 0 | 20 | 82 | 83.50 | 0 | 0 | 6.98 | 9.00 |
| Science - Other | 0 | 2 | 0 | 1 | 20 | 102 | 113.00 | 0 | 0 | 1.77 | 5.91 |
| Fine Arts - Other | 0 | 2 | 0 | 0 | 20 | 67 | 84.50 | 1 | 1 | 6.32 | 14.00 |
| Philosophy | 0 | 2 | 0 | 0 | 20 | 50 | 68.50 | 1 | 1 | 8.03 | 14.00 |
| Religion | 0 | 2 | 1 | 0 | 15 | 97 | 101.00 | 0 | 0 | 3.18 | 6.00 |
| Fine Arts - Classical Music | 0 | 1 | 0 | 0 | 10 | 122 | 122.00 | 0 | 0 | 0.69 | 6.00 |
| History - European | 0 | 1 | 0 | 0 | 10 | 126 | 126.00 | 0 | 0 | 0.00 | 1.00 |
| History - World | 0 | 1 | 0 | 0 | 10 | 66 | 66.00 | 0 | 0 | 4.96 | 5.00 |
| Science - Physics | 0 | 0 | 0 | 0 | 0 | 0.00 | 0 | 0 | 0.00 | 0.00 | |
| Popular Culture | 0 | 0 | 1 | 0 | -5 | 0.00 | 0 | 0 | 0.00 | 0.00 | |
| History - American | 0 | 0 | 1 | 0 | -5 | 0.00 | 0 | 0 | 0.00 | 0.00 |